000 01066cam a2200313 a 4500
999 _c232647
_d232647
001 2127344
003 Nust
005 20170222091328.0
008 971113s1998 nyu 000 1 eng
010 _a 97046499
020 _a9780140285673
040 _aDLC
_cDLC
_dDLC
_dOCoLC
_dDLC
043 _ae-uk-en
050 0 0 _aPR6058.O689
_bA64 1998
082 0 0 _a823.914
_bHOR
100 1 _aHornby, Nick.
245 1 0 _aAbout a boy /
_cNick Hornby.
260 _aNew York :
_bRiverhead Books,
_c1998.
300 _a307 p. ;
_c21 cm.
650 0 _aChildren of divorced parents
_xFiction.
650 0 _aSingle mothers
_xFiction.
650 0 _aSingle men
_xFiction.
650 0 _aBoys
_xFiction.
651 0 _aLondon (England)
_xFiction.
655 7 _aBildungsromane.
_2gsafd
655 7 _aLove stories.
_2gsafd
906 _a7
_bcbc
_corignew
_d1
_eocip
_f19
_gy-gencatlg
942 _2ddc
_cBK